The scam : (Record no. 126011)

MARC details
000 -LEADER
fixed length control field 00825nam a22002537a 4500
003 - CONTROL NUMBER IDENTIFIER
control field 0
005 - DATE AND TIME OF LATEST TRANSACTION
control field 20180724150813.0
008 - FIXED-LENGTH DATA ELEMENTS--GENERAL INFORMATION
fixed length control field 0
010 ## - LIBRARY OF CONGRESS CONTROL NUMBER
LC control number A-739257
020 ## - INTERNATIONAL STANDARD BOOK NUMBER
Terms of availability 00.00
International Standard Book Number 8122407137
035 ## - SYSTEM CONTROL NUMBER
System control number A-739257, A-739258
037 ## - SOURCE OF ACQUISITION
Source of stock number/acquisition Cen Lib/Ret
040 ## - CATALOGING SOURCE
Original cataloging agency DPL
Language of cataloging EN
Transcribing agency 0
082 ## - DEWEY DECIMAL CLASSIFICATION NUMBER
Classification number 364.163
Item number SCA
245 ## - TITLE STATEMENT
Title The scam :
Statement of responsibility, etc edited by Seema Mustafa [and] Anuradha M.Chenoy
Remainder of title the cover-up and compromise /
260 ## - PUBLICATION, DISTRIBUTION, ETC. (IMPRINT)
Place of publication, distribution, etc New Delhi
Name of publisher, distributor, etc New Age International Limited
Date of publication, distribution, etc 1995
270 ## - ADDRESS
City New Delhi
Address 4835/24, Ansari Road, Daryaganj
Postal code 110002
300 ## - PHYSICAL DESCRIPTION
Extent x,102p. :
Dimensions 20cm(Hb)
Other physical details ill.
650 ## - SUBJECT ADDED ENTRY--TOPICAL TERM
Topical term or geographic name as entry element Fraud -- India -- History.
9 (RLIN) 16300
650 ## - SUBJECT ADDED ENTRY--TOPICAL TERM
Topical term or geographic name as entry element Political corruption -- India -- History.
9 (RLIN) 16301
700 ## - ADDED ENTRY--PERSONAL NAME
Personal name Mustafa,Seema
9 (RLIN) 16302
700 ## - ADDED ENTRY--PERSONAL NAME
Personal name Chenoy,Anuradha M.
9 (RLIN) 14707
942 ## - ADDED ENTRY ELEMENTS (KOHA)
Source of classification or shelving scheme Dewey Decimal Classification
Koha item type English Books
Classification part 364.163
Call number suffix SCA
Holdings
Withdrawn status Lost status Damaged status Not for loan Home library Current library Date acquired Source of acquisition Cost, normal purchase price Total Checkouts Full call number Barcode Date last seen Copy number Cost, replacement price Price effective from Koha item type Public note Source of classification or shelving scheme Collection code
Written off       Central Library Central Library 24/06/2015 Cen Lib/Ret 0.00   364.163 SCA A-739257 24/06/2015 1 0.00 24/06/2015 English Books W/d List No. 6844/20; dtd 7/7/20    
        Patel Nagar Patel Nagar 24/07/2018 BPPD/PUB 0.00   364.163 SCA A-739258 24/07/2018   0.00 24/07/2018 English Books   Dewey Decimal Classification Non-fiction

© Delhi Public Library
Hit Counter
free hit counter